| 000 | 00825nam a22002177a 4500 | ||
|---|---|---|---|
| 005 | 20210325174248.0 | ||
| 008 | s2535 th tha d | ||
| 020 | _a9747014327 | ||
| 041 | _atha | ||
| 050 | _aBQ6336 อ189 | ||
| 100 | 0 | _aอรศรี งามวิทยาพงศ์ | |
| 245 | 1 | 0 | _aอนุทินภาพ 60 ปี สวนโมกข์ : ประทีปธรรมแห่งสยาม |
| 260 | 3 |
_aกรุงเทพฯ : _bมูลนิธิโกมล คีมทอง, _c2535 |
|
| 300 |
_a197 หน้า : _b ภาพประกอบ |
||
| 650 | 0 | 4 | _aพุทธทาสภิกขุ -- ภาพ |
| 650 | 0 | 4 | _aสวนโมกขพลาราม -- ภาพ |
| 850 | _aNALT | ||
| 942 | _cGB | ||
| 997 | _c000000000003580 | ||
| 998 | _aNarumon Suwan | ||
| 999 |
_c3580 _d3580 |
||